000 00504nam a2200193Ia 4500
003 GCL
008 140319s9999 xx 000 0 eng d
040 _aGCL /
_cGCL
082 0 4 _a658.8
_bM I
100 1 _aMISHRA, M. N.
245 1 0 _aINTERNATIONAL MARKETING MANAGEMENT /
_cMISHRA, M. N.
260 _a[S.N] :
_bOXFORD & IBH PUBLISHING CO.PVT. LTD. ،
_c1993
300 _a424\P
650 0 4 _aMANAGEMENT
650 0 4 _aBUSINESS
650 0 4 _aMARKETING
650 0 4 _aTRADE POLICY
942 _2ddc
_cBK
999 _c20154
_d20154